000 00972cam a2200277 4500
001 WB3734-29
008 010911n2001 000 0 eng u
035 _a(Sirsi) u114516
245 _aFuture looks brighter
260 _c2001
490 _aDTLR News Release
_v(385) 10 September 2001, (3)
520 _aThe first Annual Review of the New Deal for Communities (NDCs) indicates a 30% fall in crime levels in some neglected areas. NDC partnerships have also made progress in employment, health, housing, education, the local environment, and resident participation in community decisions.
590 _aWB
650 _aNEW DEAL FOR COMMUNITIES
650 _aNEIGHBOURHOOD RENEWAL
650 _aURBAN REGENERATION
650 _aCRIME
650 _aHEALTH
650 _aHOUSING
650 _aEMPLOYMENT
650 _aCAREERS, EDUCATION AND TRAINING
650 _aLOCAL COMMUNITIES
650 _aPARTNERSHIPS
690 _aREGENERATION
942 _n0
999 _c68224
_d68224